000 00615nam a2200217Ia 4500
005 20250923144824.0
008 008 250917s9999 xx 000 0 eng d
037 _aTextual
040 _aDSWL
_beng
_cDSWL
041 _aeng
_2eng
084 _aL5oaY72.63, N62
_qDSWL
100 _aKark, S.L.
_9828762
245 2 _aA practice of social medicine
_cby S.L. Kark
260 _aLondon
_bLivingstonLtd.
_c1962
300 _axii,372p.
365 _aINR
_b40 .
700 _aG.W. Steuart
_9828763
925 _g40 .
942 _cTEXL
_hL5oaY72.63, N62
999 _c1443775
_d1443775